| 000 | 00729nam a2200217Ia 4500 | ||
|---|---|---|---|
| 003 | GCL | ||
| 008 | 140319s9999 xx 000 0 ara d | ||
| 040 |
_aGCL / _cGCL |
||
| 082 | 0 | 4 |
_a811.008 _bا م |
| 100 | 1 | _aاحمد محمد شاكر | |
| 245 | 1 | 0 |
_aالمفضليات / _cاحمد محمد شاكر |
| 700 | 1 | _aالضبى , المفضل بن محمد | |
| 700 | 1 | _aعبدالسلام محمد هارون | |
| 300 | _a535 ص | ||
| 490 |
_aديوان العرب 1 مجموعات من عيون الشعر _v0 |
||
| 650 | 0 | 4 | _aالادب العربى |
| 650 | 0 | 4 | _aالشعراء العرب |
| 650 | 0 | 4 | _aالتراجم الادبية |
| 650 | 0 | 4 | _aالشعر العربى - دواوين وقصائد |
| 942 |
_2ddc _cBK |
||
| 999 |
_c44435 _d44435 |
||